Kadra reprezentacji Polski na mecze z Holandią i Finlandią 2025 - Statystyki

Ogólne statystyki
  • Ten quiz został rozwiązany 85 razy
  • Średni wynik to 21 z 25
Statystyki odpowiedzi
Pozycja Zawodnik Klub % Poprawnych
MF Piotr Zieliński Inter Mediolan
98%
FW Robert Lewandowski FC Barcelona
97%
GK Łukasz Skorupski Bologna FC
95%
DF Matty Cash Aston Villa FC
95%
DF Jakub Kiwior Arsenal FC
94%
DF Jan Bednarek FC Porto
94%
MF Kamil Grosicki Pogoń Szczecin
94%
GK Kamil Grabara VfL Wolfsburg
92%
MF Nicola Zalewski Atalanta BC
91%
MF Sebastian Szymański Fenerbahce SK
91%
GK Bartłomiej Drągowski Panathinaikos
89%
FW Krzysztof Piątek Al-Duhail SC
88%
FW Adam Buksa Udinese Calcio
86%
MF Jakub Kamiński 1. FC Koeln
86%
FW Karol Świderski Panathinaikos
86%
GK Bartosz Mrozek Lech Poznań
83%
DF Jan Ziółkowski AS Roma
83%
DF Paweł Wszołek Legia Warszawa
82%
MF Bartosz Kapustka Legia Warszawa
76%
MF Bartosz Slisz Atlanta United
76%
MF Przemysław Frankowski Stade Rennais
74%
DF Przemysław Wiśniewski Spezia Calcio
71%
DF Tomasz Kędziora PAOK FC
71%
MF Jakub Piotrowski Udinese Calcio
67%
DF Arkadiusz Pyrka FC St. Pauli
44%
Nie znaleziono quizów pasujących do podanych kryteriów
Rozkład punktacji
Procent ludzi z każdym wynikiem
Percentyl według liczby udzielonych odpowiedzi
Twoja historia wyników
Nie rozwiązałeś tego quizu